Návrh PID regulátora pre jednosmerný motor

Salvato in:
Dettagli Bibliografici
Autore principale: Hutta, Marek (Autore)
Altri autori: Kozáková, Alena (Relatore della tesi)
Natura: Manoscritto Libro
Lingua:slovacco
Pubblicazione: Bratislava : STU v Bratislave FEI, 2022
Soggetti:
Accesso online:https://opac.crzp.sk/?fn=detailBiblioFormChildILDQJ&sid=378281AEB05FBF717931C8A6EBFA&seo=CRZP-detail-kniha
Tags: Aggiungi Tag
Nessun Tag, puoi essere il primo ad aggiungerne!!

MARC

LEADER 00000ntm a22000003a 4500
001 stuzp77309
003 SK-STU
005 20230301124411.6
007 ta
008 150427s2015----xo-----f-mn---000-0-slo-d
040 |a STU  |b slo 
041 0 |a slo 
044 |a xo 
100 1 |a Hutta, Marek  |u 030400  |4 aut  |U FEI Fakulta elektrotechniky a informatiky  |T FEI Ústav automobilovej mechatroniky  |X 92431  |U E400  |Y 642  |7 92431 
242 0 1 |a PID controller design for a DC motor  |y eng 
245 1 0 |a Návrh PID regulátora pre jednosmerný motor 
260 |a Bratislava :  |b STU v Bratislave FEI,  |c 2022 
300 |a 58 s., príl. 
650 4 |a jednosmerný motor  |2 slo 
650 4 |a 1DOF PID regulátor  |2 slo 
650 4 |a Simscape  |2 slo 
650 4 |a 2DOF PID regulátor  |2 slo 
650 4 |a Simscape  |2 eng 
650 4 |a DC motor  |2 eng 
650 4 |a 2DOF PID controller  |2 eng 
650 4 |a 1DOF PID controller  |2 eng 
700 1 |a Kozáková, Alena  |u 030400  |k Z1  |4 ths  |U FEI Fakulta elektrotechniky a informatiky  |T FEI Ústav automobilovej mechatroniky  |X 4939  |U E400  |Y 642  |7 A000004939 
856 4 |u https://opac.crzp.sk/?fn=detailBiblioFormChildILDQJ&sid=378281AEB05FBF717931C8A6EBFA&seo=CRZP-detail-kniha